| 000 | 00601nam a2200169 a 4500 | ||
|---|---|---|---|
| 008 | 120416s1984 ||||||||||||||||| || u | ||
| 020 | _a071210478x | ||
| 050 | _aHD 2745.5 Hal | ||
| 100 | _aHall, Leslie | ||
| 245 | 1 | 0 |
_aCompany secretarial practice _crevised by G. M. Thom |
| 250 | _a6th rev. ed. | ||
| 260 |
_aEstover, [Plymouth] _bMacDonald & Evans _c1984 |
||
| 350 | _a0.00 | ||
| 650 | _aCORPORATION SECRETARIES | ||
| 650 | _aINDUSTRY | ||
| 995 |
_D0.00 _FCBU-MAIN LIBRARY (Kitwe) _H1 _I5.95 _M1 _UAVAILABLE _ZAnnex Low-Usage Collection |
||
| 999 |
_c37988 _d37988 |
||